Lenhossék József és Lenhossék Mihály

Elmentve itt :
Bibliográfiai részletek
Szerző: Sz. Gy
Dokumentumtípus: Cikk
Megjelent: 1983-05-28
Sorozat:Magyar Hírek 36 No. 11
Kulcsszavak:Lenhossék József, Lenhossék Mihály, Bossány Emma, Szent-Györgyi Albert, Brücke és Hyrtl, Szily Aurél, Verzár Frigyes, Navratil Dezső, Pólya Jenő, Hillebrand Jenő, Kiss Ferenc, Krompecher István, Korányi frigyes
Online Access:http://misc.bibl.u-szeged.hu/74635
LEADER 00832nab a2200181 i 4500
001 misc74635
005 20240130135044.0
008 240126s1983 hu o 000 hun d
040 |a SZTE Miscellanea Repozitórium  |b hun 
041 |a hun 
100 1 |a Sz. Gy. 
245 1 0 |a Lenhossék József és Lenhossék Mihály  |h [elektronikus dokumentum] /  |c  Sz. Gy. 
260 |c 1983-05-28 
300 |a 18-19 
490 0 |a Magyar Hírek  |v 36 No. 11 
561 |a Szent-Györgyi Albertről szóló irodalom 
695 |a Lenhossék József, Lenhossék Mihály, Bossány Emma, Szent-Györgyi Albert, Brücke és Hyrtl, Szily Aurél, Verzár Frigyes, Navratil Dezső, Pólya Jenő, Hillebrand Jenő, Kiss Ferenc, Krompecher István, Korányi frigyes 
856 4 0 |u http://misc.bibl.u-szeged.hu/74635/1/magyar_hirek_1983_036_016-017_040-041.pdf  |z Dokumentum-elérés